K implementaci směrnice Omnibus II

Základné informácie a dôvody obsahu zmien, ktoré prináša smernica Omnibus II (OMB), v porovnaní so smernicou Solvency II. Regulatórny rámec segmentu finančného trhu - poisťovníctva a snaha Európskej únie včas reagovať na vývoj jednotného poistného trhu.

Gespeichert in:
Bibliographische Detailangaben
1. Verfasser: Přikryl, Vladimír
Weitere Verfasser: Čechová, Jana
Format: Buchkapitel
Sprache:Tschechisch
Schlagworte:
Tags: Tag hinzufügen
Keine Tags, Fügen Sie das erste Tag hinzu!

MARC

LEADER 00000naa a2200000 4500
001 0195566
005 20220729110409.9
041 0 |a cze 
044 |a CZ 
245 1 0 |a K implementaci směrnice Omnibus II  |c Vladimír Přikryl, Jana Čechová 
520 |a Základné informácie a dôvody obsahu zmien, ktoré prináša smernica Omnibus II (OMB), v porovnaní so smernicou Solvency II. Regulatórny rámec segmentu finančného trhu - poisťovníctva a snaha Európskej únie včas reagovať na vývoj jednotného poistného trhu. 
610 2 0 |a Európska únia 
610 2 0 |a poisťovníctvo 
610 2 0 |a poisťovne 
610 2 0 |a poistenie 
610 2 0 |a trh poistný 
610 2 0 |a dohľad nad finančným trhom 
610 2 0 |a smernice 
100 1 |a Přikryl, Vladimír 
700 1 |a Čechová, Jana